00571nam a2200157Ia 4500008004000000020001800040082001700058100001800075245007200093260002900165300001200194690003600206906001100242999001700253952014300270210210b1991 xxu||||| |||| 00| 0 eng d a0 00210 020 7 a320.954 KOHI aKOHLI (Atul). aIndia's democracy: an analysis of changing state society relations. aNJbOrient Longmanc1991 axvi,344 aPolitical Situation & Condition a046520 c95646d95646 001040708Political ScienceaALbALcPolitical Scienced2021-02-17g110.00l0o320.954 KOHIp046520r2021-02-17 00:00:00w2021-02-17yBK